000 00412nam a2200157Ia 4500
003 OSt
005 20230526143241.0
008 211028s2017 xx 000 0 und d
040 _cAIMIT LIBRARY
041 _aeng
100 _aNayak, Soujanya; Hemalatha, N.
_98738
_e151935
110 _aHemalatha N
_98739
245 _aMigration and development od sun ERP+.
260 _aMangalore
_c2017
942 _2ddc
_cPRO
999 _c220038
_d220038